Music Lovers Muse Quiz - Statistics

General Stats
  • This quiz has been taken 34 times
    33 since last reset
  • The average score is 14 of 25
Answer Stats
Picture Hint Answer % Correct
Yoko Ono: Woman John Lennon
93%
Linda McCartney: Maybe I’m Amazed Paul McCartney
83%
Christy Brinkley: Uptown Girl Billy Joel
79%
Marilyn Monroe: Candle in the Wind Elton John
79%
Chrissy Teigen: All of Me John Legend
76%
Buddy Holly: American Pie Don Mclean
72%
Pattie Boyd: Layla Eric Clapton
69%
Erin Everly: Sweet Child O' Mine Guns N' Roses
69%
Caroline Kennedy :Sweet Caroline Neil Diamond
69%
Julian Lennon: Hey Jude Paul McCartney
69%
Harry Styles: I Knew You Were Trouble Taylor Swift
66%
Andy Kaufman: Man on the Moon REM
62%
Mick Jagger / Warren Beatty / James Taylor: You’re So Vain Carly Simon
59%
Vince Neil: Dude Looks Like a Lady Aerosmith
52%
Dave Coulier: You Oughta Know Alanis Morissette
52%
Notorious B.I.G. : I'll Be Missing You Puff Daddy
48%
Bob Dylan: The Boxer Simon and Garfunkel
48%
Marsha Hunt: Brown Sugar The Rolling Stones
48%
Afeni Shakur: Dear Mama Tupac Shakur
48%
Billie Jean King: Philadelphia Freedom Elton John
45%
Don Mclean: Killing Me Softly With His Song Roberta Flack
45%
Jennifer Love Hewitt: Your Body Is A Wonderland John Mayer
38%
Lisa Bonet: It Ain't Over 'Til It's Over Lenny Kravitz
31%
Rosanna Arquette: In Your Eyes Peter Gabriel
31%
Nas: Me and Mr. Jones Amy Winehouse
14%
No matching quizzes found
Score Distribution
Percent of People with Each Score
Percentile by Number Answered
Your Score History
You have not taken this quiz since the last reset